000 00451nam a2200157Ia 4500
008 221030s9999 xx 000 0 und d
020 _a8185015828
041 _aEnglish
100 _aR. P. Feynman
245 4 _aThe Feynman Lectures on Physics Mainly Mechanics, Radiation & Heat Vol. I
_cby R. P. Feynman, R. B. Leighton
260 _bNarosa Pub
_aNew Delhi
_c2015
300 _a608
650 _aPhysics
700 _aR. B. Leighton
942 _cBK
999 _c17329
_d17329